Online Catalogue and eLibrary

Landun ha lamayi (Record no. 5114)

MARC details
000 -LEADER
fixed length control field 00361nam a2200157Ia 4500
005 - DATE AND TIME OF LATEST TRANSACTION
control field 20250630012419.0
008 - FIXED-LENGTH DATA ELEMENTS--GENERAL INFORMATION
fixed length control field 240331s9999 xx 000 0 und d
020 ## - INTERNATIONAL STANDARD BOOK NUMBER
ISBN 9559714103
082 ## - DDC Classification
Item Number - Author Mark GUN
Class No. 362
100 ## - MAIN ENTRY--PERSONAL NAME
Personal name Gunasekara,U
245 #0 - TITLE STATEMENT
Title Landun ha lamayi
260 ## - PUBLICATION, DISTRIBUTION, ETC.
Name of publisher, distributor, etc. An Author's Statement
Date of publication, distribution, etc. 2001
300 ## - PHYSICAL DESCRIPTION
Extent (e.g. Volumes, Pages etc.) 122 p .,
650 ## - SUBJECT ADDED ENTRY--TOPICAL TERM
Topical term or geographic name entry element Children
942 ## - Koha item type (Biblio)
Koha item type Books in Stacks (Lending)
Holdings
Lost status Damaged status Collection code Home library Current library Shelving location Date acquired Full call number Accession Number Item type
    Lending WERC Library WERC Library Social Science Cupboard 03/31/2024 362.8 GUN 4610 Books in Stacks (Lending)

© WERC Library